Einstein and Oppenheimer: the meaning of genius (Record no. 6883)

MARC details
000 -LEADER
fixed length control field 00527nam a22001937a 4500
003 - CONTROL NUMBER IDENTIFIER
control field OSt
005 - DATE AND TIME OF LATEST TRANSACTION
control field 20210417093429.0
008 - FIXED-LENGTH DATA ELEMENTS--GENERAL INFORMATION
fixed length control field 210417b ||||| |||| 00| 0 eng d
020 ## - INTERNATIONAL STANDARD BOOK NUMBER
International Standard Book Number 9780674034525
040 ## - CATALOGING SOURCE
Transcribing agency DDC
082 ## - DEWEY DECIMAL CLASSIFICATION NUMBER
Classification number 530 SCH 2009
100 ## - MAIN ENTRY--PERSONAL NAME
Personal name Schweber Silvan S
9 (RLIN) 14119
245 ## - TITLE STATEMENT
Title Einstein and Oppenheimer: the meaning of genius
260 ## - PUBLICATION, DISTRIBUTION, ETC. (IMPRINT)
Place of publication, distribution, etc. Harvad University Press, 2009
300 ## - PHYSICAL DESCRIPTION
Extent xiv, 412p; ill.
Dimensions 24cm
504 ## - BIBLIOGRAPHY, ETC. NOTE
Bibliography, etc Bibliography and index included.
650 ## - SUBJECT ADDED ENTRY--TOPICAL TERM
Topical term or geographic name as entry element Physics
9 (RLIN) 809
942 ## - ADDED ENTRY ELEMENTS (KOHA)
Source of classification or shelving scheme Dewey Decimal Classification
Koha item type Open Shelf
Holdings
Withdrawn status Lost status Source of classification or shelving scheme Damaged status Not for loan Home library Current library Date acquired Source of acquisition Inventory number Total Checkouts Full call number Barcode Date last seen Date last checked out Koha item type
    Dewey Decimal Classification     MUST Main Library MUST Main Library 17/04/2021 Donation 11/32883 1 530 SCH 2009 2021-0430 28/04/2021 17/04/2021 Open Shelf